Tratados y otros acuerdos internacionales relacionados con el medio ambiente que deberían suscribir los países centroamericanos /
Recoge los resultados de una investigación realizada en el CSUCA sobre agroquímicos y ecología en Costa Rica, Nicaragua, El Salvador y Guatemala. Se anotan varios de los convenios y acuerdos internacionales que tratan de regular el entorno ecológico mundial y regional y que velan por la seguridad sa...
Salvato in:
| Autore principale: | |
|---|---|
| Natura: | Libro |
| Lingua: | Spanish |
| Soggetti: | |
| Tags: |
Aggiungi Tag
Nessun Tag, puoi essere il primo ad aggiungerne!!
|
MARC
| LEADER | 00000nam a22000007a 4500 | ||
|---|---|---|---|
| 003 | cru IIS | ||
| 005 | 20220310134559.0 | ||
| 007 | ta | ||
| 008 | 220309b |||||||| |||| 00| 0 spa d | ||
| 040 | |c cru IIS | ||
| 100 | 1 | |9 10284 |a Bonilla Durán., Alexander |e Autor | |
| 245 | 1 | |a Tratados y otros acuerdos internacionales relacionados con el medio ambiente que deberían suscribir los países centroamericanos / |c Alexander Bonilla Durán | |
| 300 | |a 38 páginas | ||
| 500 | |a Colección Centroamérica | ||
| 520 | |a Recoge los resultados de una investigación realizada en el CSUCA sobre agroquímicos y ecología en Costa Rica, Nicaragua, El Salvador y Guatemala. Se anotan varios de los convenios y acuerdos internacionales que tratan de regular el entorno ecológico mundial y regional y que velan por la seguridad sanitaria pública, y también los acuerdos que tratan de evitar la escalada armamentista ya sea nuclear o convencional. SF/mb | ||
| 650 | 0 | |9 341 |a MEDIO AMBIENTE | |
| 650 | 0 | |9 507 |a ACUERDOS INTERNACIONALES | |
| 650 | 0 | |9 2915 |a CONSERVACIÓN DE RECURSOS | |
| 650 | 0 | |9 7788 |a LUCHA CONTRA LA CONTAMINACION | |
| 650 | 0 | |9 10285 |a FUENTES DE CONTAMINACION | |
| 651 | 0 | |9 308 |a CENTROAMERICA | |
| 773 | 0 | |0 18901 |9 6675 |a Universidad de Costa Rica. |d San José, Costa Rica CSUCA, 1986- |o MFN: 13106 |t Cuadernos de Investigación CSUCA / | |
| 942 | |2 ddc |c PP | ||
| 999 | |c 44126 |d 44126 | ||
